Statistics for Administrative Regions of Pakistan

Click here to take the quiz!

General Stats

  • This quiz has been taken 176 times
  • The average score is 4 of 8

Answer Stats

HintAnswer% Correct
Land of five riversPunjab
88%
Largest province by areabalochistan
84%
Land of indus riverSindh
75%
Trible areaFedrally administrated trible areas
42%
Autonomous stateAzad jammu and kashmir
38%
Land of pakhtunskhyber pakhtunkhaw
37%
Autonomous regionGilgit baltistan
27%
Federal districtIslamabad capital territory
18%

Score Distribution

Percentile by Number Answered

Percent of People with Each Score

Your Score History

You have not taken this quiz